La buena sombra (Record no. 173975)
[ view plain ]
| 000 -LEADER | |
|---|---|
| campo de control de longitud fija | 01028namaa2200241 i 4500 |
| 001 - NÚMERO DE CONTROL | |
| campo de control | 173975 |
| 003 - IDENTIFICADOR DE NÚMERO DE CONTROL | |
| campo de control | ES-MaACL |
| 005 - FECHA Y HORA DE LA ÚLTIMA TRANSACCIÓN | |
| campo de control | 20230906215415.0 |
| 008 - DATOS DE LONGITUD FIJA--INFORMACIÓN GENERAL | |
| campo de control de longitud fija | 100204s1899 sp |||| | spa d |
| 100 1# - ENTRADA PRINCIPAL--NOMBRE DE PERSONA | |
| Nombre de persona | Álvarez Quintero, Serafín, |
| Fechas asociadas al nombre | 1871-1938 |
| 9 (RLIN) | 226443 |
| 245 13 - MENCIÓN DEL TÍTULO | |
| Título | La buena sombra |
| Resto del título | : sainete en tres cuadros y en prosa / |
| Mención de responsabilidad, etc. | de Serafín y Joaquín Álvarez Quintero ; con música del maestro Brull. |
| 250 ## - MENCION DE EDICION | |
| Mención de edición | 3ª ed. |
| 260 ## - PUBLICACIÓN, DISTRIBUCIÓN, ETC. | |
| Lugar de publicación, distribución, etc. | Madrid : |
| Nombre del editor, distribuidor, etc. | Florencio Fiscowich, |
| Fecha de publicación, distribución, etc. | 1899 ( |
| Fabricante | Imp. R. Velasco) |
| 300 ## - DESCRIPCIÓN FÍSICA | |
| Extensión | 45 p. ; |
| Dimensiones | 18 cm. |
| 500 ## - NOTA GENERAL | |
| Nota general | Dedicado a Julián Romea. |
| 500 ## - NOTA GENERAL | |
| Nota general | En port.: Estrenado en el teatro de la Zarzuela el 4 de marzo de 1898. |
| 500 ## - NOTA GENERAL | |
| Nota general | Solo la letra. |
| 520 1# - RESUMEN, ETC. | |
| Sumario, etc. | La acción transcurre en Sevilla. |
| 700 1# - ENTRADA AGREGADA--NOMBRE PERSONAL | |
| Nombre de persona | Álvarez Quintero, Joaquín, |
| Fechas asociadas al nombre | 1873-1944 |
| 9 (RLIN) | 20922 |
| 700 1# - ENTRADA AGREGADA--NOMBRE PERSONAL | |
| Nombre de persona | Brull, Apolinar. |
| 9 (RLIN) | 126198 |
| 852 ## - LOCALIZACIÓN | |
| Ubicación | ES-MaACL |
| Número de control de estantería | F-8636(9) |
| Nota libre | .- Enc. pasta española |
| -- | .- Enc. en un vol. facticio formando parte de la col. facticia "Teatro español moderno", vol. 91 |
| Estatus retirado | Estado de pérdida | Estado de daño | No para préstamo | Colección | Biblioteca de origen | Biblioteca actual | Ubicación en estantería | Fecha de adquisición | Fuente de adquisición | Total de préstamos | Signatura topográfica completa | Código de barras | Visto por última vez | Precio de reemplazo | Tipo de ítem Koha |
|---|---|---|---|---|---|---|---|---|---|---|---|---|---|---|---|
| Libros del s. XIX | Biblioteca del Ateneo de Madrid | Biblioteca del Ateneo de Madrid | Sala Pecera Planta 2 | 04/02/2010 | F-8636(9) | 1182622 | 23/02/2023 | 23/02/2023 | Libro impreso antiguo |
